Modelovanie automatizovaných skladových systémov pomocou Petriho sietí

Saved in:
Bibliographic Details
Main Author: Paučo, Martin (Author)
Other Authors: Kozáková, Alena (Thesis advisor)
Format: Manuscript Book
Language:Slovak
Published: 2015
Subjects:
Online Access:http://is.stuba.sk/zp/portal_zp.pl?podrobnosti=111935
Tags: Add Tag
No Tags, Be the first to tag this record!

MARC

LEADER 00000ntm a22000003a 4500
001 stuzp49642
003 SK-STU
005 20160719153334.1
007 ta
008 150427s2015----xo-----f-mn---000-0-slo-d
040 |a STU  |b slo 
041 0 |a slo 
100 1 |a Paučo, Martin  |u 035000  |4 aut  |U FEI Fakulta elektrotechniky a informatiky  |T FEI Ústav informatiky a matematiky  |X 56268  |U E050  |Y 816  |7 A000056268 
242 0 1 |a Modeling of automated storage systems using Petri nets  |y eng 
245 1 0 |a Modelovanie automatizovaných skladových systémov pomocou Petriho sietí 
260 |c 2015 
300 |a 58 s., príl.  |b CD-ROM 
650 4 |a automatizovaný skladový systém  |2 slo 
650 4 |a Petriho sieť  |2 slo 
650 4 |a farebná Petriho sieť  |2 slo 
650 4 |a supervízorové riadenie  |2 slo 
650 4 |a PNetLab  |2 slo 
650 4 |a Automated storage and retrieval system  |2 eng 
650 4 |a Petri net  |2 eng 
650 4 |a coloured Petri net  |2 eng 
650 4 |a supervisory control  |2 eng 
650 4 |a PNetLab  |2 eng 
700 1 |a Kozáková, Alena  |4 ths  |X 4939  |7 A000004939 
856 4 |u http://is.stuba.sk/zp/portal_zp.pl?podrobnosti=111935 
996 |b 284EP11164  |c E*DIPL- 11164  |l EE35  |s P  |a 0  |w stuzp49642_0001 
SQL |a stuzp49642  |b DDP  |c SLO  |d Modelovanie automatizovaných skladových systémov pomocou Petriho sietí  |e 56268  |f Paučo, Martin  |g 035000  |h 4939  |i Kozáková, Alena  |j 20150617  |k 359  |l 03  |m http://is.stuba.sk/zp/portal_zp.pl?podrobnosti=111935  |n I-API  |o 9.2.9. aplikovaná informatika